00648nam a2200229Ia 4500008004100000020001800041050001100059050001500070100003000085245004900115245004200164245003000206260001400236260001100250260000900261300002000270300002100290300001100311650002700322650003600349700003300385160319s9999 xx 000 0 und d a9789712721182 a646.78 bC216f 2008 aCarandang, Ma. Lourdes A. a The Filipino family surviving the world :  bpsychological essays on the family /  cMa. Lourdes A. Carandang. aManila :  bAnvil, c2008 ax, 124 pages :  billustrations ;  c23 cm. aFamily -- Philippines. aFamily -- Sociological aspects. aChua, Queena N. Lee., author